000 00356pam a2200157a 44500
008 230515b2002 xxu||||| |||| 00| 0 eng d
020 _aNULL
041 _aENGLISH
082 _aN.D.
100 _aDr. Bansal R K
245 _aFluid Mechanics And Hyd. Machines
250 _a0
260 _aNULL
_bLaxmi Pub.
_c2002
300 _a1006
650 _aNULL
999 _c585558
_d585558